[Event "Baku Open 2013"]
[Site "Baku AZE"]
[Date "2013.09.25"]
[Round "7.19"]
[White "Mirzoev, Azer"]
[Black "Mikheev, Stanislav"]
[Result "1-0"]
[WhiteTitle "GM"]
[BlackTitle "IM"]
[WhiteElo "2544"]
[BlackElo "2259"]
[WhiteFideId "13400304"]
[BlackFideId "4135920"]
[EventDate "2013.09.19"]

1. d4 d5 2. c4 c6 3. Nf3 Nf6 4. e3 Bg4 5. h3 Bxf3 6. Qxf3 e6 7. Nc3 Nbd7 8. Bd2
Bb4 9. Bd3 O-O 10. a3 dxc4 11. Bxc4 Bd6 12. O-O Qe7 13. Ba2 e5 14. dxe5 Nxe5 15.
Qe2 Rad8 16. Rfd1 Nd3 17. Rab1 Rfe8 18. Bc4 Ne5 19. Bb3 Ng6 20. Qc4 Ne5 21. Qf1
Bc7 22. Be1 Ng6 23. Rxd8 Rxd8 24. Rd1 Rxd1 25. Nxd1 Qe5 26. g3 Ba5 27. Nc3 Qf5
28. g4 Qe5 29. Qc4 Qe7 30. Kf1 Ne5 31. Qe2 Bxc3 32. Bxc3 Ne4 33. Bxe5 Qxe5 34.
Kg2 Nc5 35. Bc2 g6 36. Qc4 b5 37. Qc3 Qd5+ 38. Kg1 Ne4 39. Qd3 Qxd3 40. Bxd3 Nc5
41. Bc2 g5 42. Kg2 a5 43. f4 gxf4 44. exf4 Ne6 45. Kg3 Nd4 46. Be4 f5 47. Bb1 a4
48. Kf2 c5 49. Ke3 Kg7 50. gxf5 Kf6 51. Ke4 Nxf5 52. Kd5 b4 53. Kxc5 bxa3 54.
bxa3 h5 55. Bc2 Ne3 56. Bxa4 Ng2 57. Bc6 Nxf4 58. a4 Ke5 59. a5 Ne6+ 60. Kb6 Kd6
61. a6 Nc7 62. a7 1-0

[Event "Baku Open 2013"]
[Site "Baku AZE"]
[Date "2013.09.25"]
[Round "7.20"]
[White "Omar, Noaman"]
[Black "Nigalidze, Gaioz"]
[Result "1/2-1/2"]
[WhiteTitle "IM"]
[BlackTitle "IM"]
[WhiteElo "2362"]
[BlackElo "2508"]
[WhiteFideId "9300244"]
[BlackFideId "13603078"]
[EventDate "2013.09.19"]

1. d4 Nf6 2. c4 e6 3. Nf3 c5 4. d5 exd5 5. cxd5 d6 6. Nc3 g6 7. h3 Bg7 8. e4 O-O
9. Bg5 a6 10. a4 Re8 11. Bd3 Nbd7 12. O-O Rb8 13. Re1 Qc7 14. Qd2 c4 15. Bf1 b5
16. axb5 axb5 17. Nd4 b4 18. Ncb5 Qc5 19. Rac1 Rxe4 20. Rxc4 1/2-1/2

[Event "Baku Open 2013"]
[Site "Baku AZE"]
[Date "2013.09.25"]
[Round "7.21"]
[White "Abasov, Nijat"]
[Black "Aghayev, Miragha"]
[Result "1-0"]
[WhiteTitle "GM"]
[BlackTitle "FM"]
[WhiteElo "2492"]
[BlackElo "2309"]
[WhiteFideId "13402960"]
[BlackFideId "818070"]
[EventDate "2013.09.19"]

1. d4 Nf6 2. c4 g6 3. Nc3 d5 4. cxd5 Nxd5 5. Nf3 Bg7 6. Na4 Bg4 7. e4 Nb6 8. Be3
O-O 9. Nc5 Nc6 10. Nxb7 Qb8 11. Ba6 Nb4 12. Nc5 Nxa6 13. Nxa6 Qc8 14. Qe2 f5 15.
e5 f4 16. Bd2 Rd8 17. Bc3 Be6 18. Nd2 f3 19. gxf3 Bh6 20. Nc5 Bd5 21. h4 Qf5 22.
Qd3 Qf7 23. b3 Nd7 24. e6 Bxd2+ 25. Kxd2 Qf4+ 26. Qe3 Qxe3+ 27. Kxe3 Nxc5 28.
dxc5 Rf8 29. f4 Bxe6 30. b4 c6 31. a4 a6 32. Be5 Bf5 33. Rad1 Rfd8 34. Bc7 Rxd1
35. Rxd1 Kf7 36. Bb6 Ke6 37. Kd2 Rb8 38. Kc3 Rb7 39. Re1+ Kf7 40. Rd1 Rd7 41.
Rxd7 Bxd7 42. Kd4 Ke6 43. Bd8 h5 44. Ke4 Be8 45. Bc7 Bd7 46. Be5 Be8 47. f5+
gxf5+ 48. Kf4 Bf7 49. Kg5 Be8 50. f4 Bf7 51. Ba1 Be8 52. Bc3 Bf7 53. Be1 Be8 54.
Bd2 Bf7 55. Kh6 Kd7 56. Bc3 Kd8 57. Kg5 Kd7 58. Kh6 Kd8 59. Kg5 Kd7 60. Kxf5 Bb3
61. Kg6 Bd1 62. f5 Bf3 63. Bd2 Ke8 64. Bg5 Kd7 65. Kg7 Ke8 66. Bxe7 Bd1 67. f6
Bb3 68. Bd6 Bc4 69. b5 axb5 70. axb5 cxb5 71. c6 1-0

[Event "Baku Open 2013"]
[Site "Baku AZE"]
[Date "2013.09.25"]
[Round "7.22"]
[White "Pourramezanali, Amirreza"]
[Black "Kuderinov, Kirill"]
[Result "1-0"]
[WhiteTitle "FM"]
[BlackTitle "IM"]
[WhiteElo "2455"]
[BlackElo "2480"]
[WhiteFideId "12511412"]
[BlackFideId "13701568"]
[EventDate "2013.09.19"]

1. e4 e5 2. Nf3 Nc6 3. Bc4 Nf6 4. Ng5 d5 5. exd5 Na5 6. Bb5+ c6 7. dxc6 bxc6 8.
Bd3 Bd6 9. O-O O-O 10. Nc3 h6 11. Nge4 Nxe4 12. Nxe4 Bc7 13. b4 Nb7 14. Bb2 f5
15. Ng3 e4 16. Be2 Qh4 17. Re1 Be6 18. Ba6 Nd6 19. d3 Rad8 20. Qh5 Qe7 21. dxe4
Nxe4 22. Nxe4 fxe4 23. Rxe4 Qf7 24. Qxf7+ Bxf7 25. Bd3 Rd7 26. a3 Bb6 27. Rf4
Re8 28. Bc3 Bc7 29. Re4 Rf8 30. Rae1 Bb6 31. Rf4 Bc7 32. Rg4 Bh5 33. Rd4 Rfd8
34. Rxd7 Rxd7 35. Re6 Bd6 36. Be5 Bxe5 37. Rxe5 Bf7 38. f4 Kf8 39. Kf2 g6 40.
Ke3 Kg7 41. g4 Kf6 42. h4 Bd5 43. g5+ 1-0

[Event "Baku Open 2013"]
[Site "Baku AZE"]
[Date "2013.09.25"]
[Round "7.23"]
[White "Pourkashiyan, Atousa"]
[Black "Iskandarov, Misratdin"]
[Result "1/2-1/2"]
[WhiteTitle "WGM"]
[BlackTitle "IM"]
[WhiteElo "2303"]
[BlackElo "2406"]
[WhiteFideId "12502014"]
[BlackFideId "13400312"]
[EventDate "2013.09.19"]

1. e4 c6 2. d4 d5 3. Nd2 g6 4. Ngf3 Bg7 5. h3 dxe4 6. Nxe4 Nd7 7. Bd3 Ngf6 8.
O-O O-O 9. c3 a5 10. Re1 a4 11. Bg5 Re8 12. Qd2 Nxe4 13. Rxe4 Nf6 14. Re2 Be6
15. Ne5 Ra5 16. Bh6 c5 17. Bxg7 Kxg7 18. Bc4 Bd5 19. Bxd5 Qxd5 20. c4 Qd8 21. d5
Ra6 22. Rae1 Rd6 23. Nd3 Qc7 24. Qc3 b6 25. Qa3 Qa7 26. b3 e6 27. Nb2 Ra8 28.
dxe6 axb3 29. Qxb3 Qxa2 30. Qg3 Rd4 31. exf7 Rf8 32. Qe5 Rxf7 33. g4 h6 34. f3
Qa3 35. Kg2 Qb3 36. Qe3 Qxe3 37. Rxe3 b5 38. Kg3 bxc4 39. Rc3 Nd5 40. Rxc4 Rb7
41. Re2 Nf4 42. Rec2 Ne6 43. R4c3 Rbd7 44. h4 g5 45. Nc4 Rd1 46. Ne3 Rh1 47. Rh2
Rxh2 48. Kxh2 Kf6 49. Kg3 Rd2 50. Rc4 Re2 51. Re4 Rd2 52. Ng2 Nd4 53. hxg5+ hxg5
54. f4 c4 55. fxg5+ Kxg5 56. Re5+ Kf6 57. Rc5 Rd3+ 58. Kh4 Nf3+ 59. Kh5 Ne5 60.
g5+ Kf5 61. Nh4+ Ke6 62. g6 Rg3 63. Rc8 c3 64. Kh6 Rg4 65. Kh5 Rg3 66. Kh6 Rh3
67. Kg5 Kd7 68. Rc5 Kd6 69. Rc8 Rg3+ 70. Kf6 Nd7+ 71. Kf7 Ne5+ 72. Kf6 1/2-1/2

[Event "Baku Open 2013"]
[Site "Baku AZE"]
[Date "2013.09.25"]
[Round "7.24"]
[White "Kazimova, Narmin"]
[Black "Gagunashvili, Merab"]
[Result "1/2-1/2"]
[WhiteTitle "WIM"]
[BlackTitle "GM"]
[WhiteElo "2225"]
[BlackElo "2585"]
[WhiteFideId "13402951"]
[BlackFideId "13601652"]
[EventDate "2013.09.19"]

1. d4 d6 2. Nf3 Bg4 3. c4 Nd7 4. g3 e5 5. Bg2 Be7 6. Nc3 Ngf6 7. h3 Bh5 8. O-O
O-O 9. b3 c6 10. Nh4 Re8 11. Nf5 Bf8 12. g4 Bg6 13. e4 Qa5 14. Bb2 exd4 15. Qxd4
Nc5 16. Rae1 Rad8 17. Qd1 a6 18. a3 Qb6 19. b4 a5 20. Na4 Nxa4 21. Qxa4 Nd7 22.
Bd4 Qa6 23. Rc1 axb4 24. Qxa6 bxa6 25. axb4 Rb8 26. Rb1 Ne5 27. c5 dxc5 28. bxc5
Rbd8 29. Rfd1 f6 30. Kh2 Bf7 31. Ra1 Bc4 32. f4 Nf7 33. Bf2 Bb5 34. Kg3 g6 35.
Nh4 Rxd1 36. Rxd1 a5 37. Nf3 a4 38. Ra1 Ra8 39. Ra3 Nd8 40. e5 Ne6 41. exf6 Nxc5
42. Nd4 Rd8 43. Ra2 Bc4 44. Ra1 a3 45. Nxc6 Rd3+ 46. Kh4 Nb3 47. Ne7+ Kf7 48.
Rxa3 Kxf6 49. Ra4 Bxe7 50. Rxc4 Nd2 51. Ra4 Kf7+ 52. g5 Nf3+ 53. Bxf3 Rxf3 54.
Bb6 h5 55. Ra7 Ke6 56. Ra6 Kf7 57. Ra7 Ke6 58. Ra6 Rxf4+ 59. Kg3 Re4 60. Bc5+
Kf5 61. Bxe7 Rxe7 62. Ra5+ Re5 63. Rxe5+ Kxe5 64. Kf3 1/2-1/2

[Event "Baku Open 2013"]
[Site "Baku AZE"]
[Date "2013.09.25"]
[Round "7.25"]
[White "Heydarli, Kanan"]
[Black "Mammadov, Zaur"]
[Result "0-1"]
[WhiteTitle "IM"]
[BlackTitle "IM"]
[WhiteElo "2278"]
[BlackElo "2436"]
[WhiteFideId "13404423"]
[BlackFideId "13401033"]
[EventDate "2013.09.19"]

1. d4 Nf6 2. Nf3 c5 3. dxc5 e6 4. c4 Bxc5 5. e3 Nc6 6. Be2 O-O 7. Nc3 d5 8. a3
Bd6 9. O-O dxc4 10. Bxc4 Qe7 11. e4 Ne5 12. Ba2 b6 13. Qe2 h6 14. Bf4 Ba6 15.
Qxa6 Nxf3+ 16. gxf3 Bxf4 17. Ne2 Qc7 18. Nxf4 Qxf4 19. Qe2 Rac8 20. Kh1 Nh5 21.
Bb3 Rc5 22. Rg1 Rd8 23. Rad1 Rxd1 24. Bxd1 Qd6 25. b4 Rc3 26. Qb5 Nf4 27. Qe8+
Qf8 28. Qa4 Qb8 29. b5 Qd6 30. Qxa7 Rc1 31. Qa8+ Kh7 32. Qa4 Nh3 33. e5 Rxd1 34.
Rxd1 Qxd1+ 35. Qxd1 Nxf2+ 36. Kg1 Nxd1 37. a4 Nc3 38. a5 Nd5 39. axb6 Nxb6 0-1

[Event "Baku Open 2013"]
[Site "Baku AZE"]
[Date "2013.09.25"]
[Round "7.29"]
[White "Mammadova, Gulnar"]
[Black "Babayev, Talib"]
[Result "1-0"]
[WhiteTitle "WGM"]
[BlackTitle "IM"]
[WhiteElo "2349"]
[BlackElo "2397"]
[WhiteFideId "13403508"]
[BlackFideId "13401432"]
[EventDate "2013.09.19"]

1. e4 c6 2. d4 d5 3. f3 e6 4. Nc3 b5 5. a3 a5 6. Be3 Na6 7. Bd3 b4 8. Na4 Nf6 9.
Nh3 Be7 10. O-O O-O 11. Nf4 dxe4 12. fxe4 e5 13. dxe5 Ng4 14. Bb6 Bc5+ 15. Bxc5
Nxc5 16. Nxc5 Qd4+ 17. Kh1 Qxc5 18. Qd2 bxa3 19. Rxa3 Qxe5 20. h3 Nf6 21. Qc3
Re8 22. Qxe5 Rxe5 23. Ra4 g5 24. Ne2 Nd7 25. Rd4 c5 26. Rd6 Rb8 27. Bc4 Re7 28.
Ng3 Ne5 29. Rd8+ Kg7 30. Bd5 Rc7 31. Re8 Nc6 32. Nh5+ Kh6 33. Rf6+ Kxh5 34. Rxc6
Rxc6 35. Bxc6 Rxb2 36. Rxc8 Rxc2 37. Ra8 c4 38. Rxa5 Kh4 39. Rf5 h5 40. Bd7 Rd2
41. Rd5 c3 42. Rxd2 cxd2 43. Kh2 g4 44. Ba4 Kg5 45. hxg4 Kxg4 46. Bd1+ Kg5 47.
Kg3 f6 48. Kf3 h4 49. Ke3 f5 50. e5 f4+ 51. Ke4 f3 52. Bxf3 Kg6 53. Kf4 1-0

[Event "Baku Open 2013"]
[Site "Baku AZE"]
[Date "2013.09.25"]
[Round "7.30"]
[White "Noroozi, Omid"]
[Black "Sevdimaliyev, Urfan"]
[Result "1/2-1/2"]
[BlackTitle "FM"]
[WhiteElo "2385"]
[BlackElo "2226"]
[WhiteFideId "12501190"]
[BlackFideId "13402463"]
[EventDate "2013.09.19"]

1. c4 Nf6 2. Nc3 d5 3. cxd5 Nxd5 4. Nf3 g6 5. e4 Nxc3 6. dxc3 Qxd1+ 7. Kxd1 f6
8. Be3 e5 9. Kc2 Be6 10. Nd2 Nd7 11. Bc4 Bxc4 12. Nxc4 Bc5 13. b4 Bxe3 14. Nxe3
O-O-O 15. a4 Rdf8 16. g4 h5 17. h3 Rf7 18. Rag1 Nf8 19. h4 hxg4 20. Rxg4 Rfh7
21. Nd5 c6 22. Ne3 g5 23. Nf5 Ng6 24. Rg3 Nxh4 25. Rgh3 Rd8 26. R3h2 Rhd7 27.
Nxh4 Rd2+ 28. Kb3 gxh4 29. Rxh4 Rxf2 30. Rh7 Rf4 31. Rf7 Rd7 32. Rhh7 Rxf7 33.
Rxf7 b6 34. Rxa7 Rxe4 35. Rf7 Rf4 36. a5 b5 37. a6 Kb8 38. Rb7+ Ka8 39. Rc7 Rc4
40. Rf7 Rf4 41. Rc7 Rc4 42. Rf7 Rf4 1/2-1/2

[Event "Baku Open 2013"]
[Site "Baku AZE"]
[Date "2013.09.25"]
[Round "7.32"]
[White "Kanter, Eduard"]
[Black "Guliev, Sarhan"]
[Result "1/2-1/2"]
[WhiteTitle "IM"]
[BlackTitle "GM"]
[WhiteElo "2417"]
[BlackElo "2460"]
[WhiteFideId "4103963"]
[BlackFideId "13400231"]
[EventDate "2013.09.19"]

1. d4 d5 2. c4 e6 3. Nf3 c5 4. cxd5 exd5 5. Nc3 Nc6 6. dxc5 d4 7. Na4 Bf5 8. a3
Qd5 9. b4 O-O-O 10. Bb2 d3 11. e3 Nf6 12. Nd4 Ne5 13. Nc3 Qd7 14. Qa4 Qxa4 15.
Nxa4 Bg6 16. Rd1 Be7 17. f3 Nd5 18. e4 Ne3 19. Nf5 Bxf5 20. Bxe5 Nxd1 21. Kxd1
Be6 22. Kd2 Bg5+ 23. f4 f6 24. Bd6 Rxd6 25. cxd6 Bxf4+ 26. Kxd3 Rd8 27. Kc3 Rxd6
28. Nc5 Be5+ 29. Kc2 Bf7 30. g3 b6 31. Nd3 Bd4 32. Bh3+ Kd8 33. Nf4 Rc6+ 34. Kd3
Be5 35. Nd5 Bxd5 36. exd5 Rc3+ 37. Kd2 Rxa3 38. Rc1 g6 39. Be6 f5 40. Bg8 Bd6
41. Bxh7 f4 42. b5 Bc5 43. Rh1 fxg3 44. hxg3 Rxg3 45. Ra1 Ke7 46. Rxa7+ Kd6 47.
Bg8 g5 48. Rg7 Ke5 49. Rg6 Kd4 50. Ke2 Re3+ 51. Kf1 Kc4 52. Rxg5 Bd6 53. Rg6 Kc5
54. Re6 Rb3 55. Re8 Rxb5 56. Rc8+ Kd4 57. Rd8 Bc7 58. Rd7 Be5 59. Ke2 Rb2+ 60.
Kf3 b5 61. Rd8 Bf6 62. Re8 Be5 63. Rd8 Rb3+ 64. Kg4 Rg3+ 65. Kf5 Bc7 66. Rc8 Rg7
67. Ke6 b4 68. d6 Rg6+ 69. Kf7 Rxg8 70. Rxc7 Rh8 71. d7 b3 72. Rc8 Rh7+ 73. Ke6
Rxd7 74. Kxd7 b2 75. Rb8 Kc3 1/2-1/2

[Event "Baku Open 2013"]
[Site "Baku AZE"]
[Date "2013.09.25"]
[Round "7.33"]
[White "Mamedjarova, Zeinab"]
[Black "Guliev, Logman"]
[Result "0-1"]
[WhiteTitle "WGM"]
[BlackTitle "IM"]
[WhiteElo "2268"]
[BlackElo "2380"]
[WhiteFideId "13401521"]
[BlackFideId "13400061"]
[EventDate "2013.09.19"]

1. d4 Nf6 2. Nf3 e6 3. e3 c5 4. Bd3 Be7 5. O-O O-O 6. Nbd2 b6 7. b3 Bb7 8. Bb2
d6 9. c4 Nbd7 10. Qc2 Rc8 11. Rac1 Re8 12. Rfd1 cxd4 13. Nxd4 Ne5 14. Be2 Qc7
15. N2f3 Ng6 16. Ng5 Qb8 17. Bf3 d5 18. Be2 dxc4 19. bxc4 Red8 20. Bd3 Ng4 21.
Ngf3 Rxd4 22. Bxd4 Bxf3 23. gxf3 Qxh2+ 24. Kf1 Qh3+ 25. Ke2 Nxf2 26. Kxf2 Qh2+
27. Kf1 Qh1+ 0-1

[Event "Baku Open 2013"]
[Site "Baku AZE"]
[Date "2013.09.25"]
[Round "7.34"]
[White "Mahdavirad, Mehdi"]
[Black "Umudova, Nargiz"]
[Result "0-1"]
[BlackTitle "WIM"]
[WhiteElo "2252"]
[BlackElo "2256"]
[WhiteFideId "12502669"]
[BlackFideId "13402137"]
[EventDate "2013.09.19"]

1. Nf3 g6 2. g3 Bg7 3. Bg2 Nf6 4. O-O O-O 5. c4 d6 6. Nc3 e5 7. d3 Re8 8. Nd2 c6
9. b4 d5 10. Rb1 Be6 11. b5 Nbd7 12. a4 a6 13. bxc6 bxc6 14. Ba3 Qc7 15. cxd5
cxd5 16. Rc1 Qa5 17. Nb3 Qb6 18. a5 Qd8 19. Na4 Rb8 20. Bd6 Rb5 21. Nc3 Rb7 22.
d4 exd4 23. Nxd4 Qxa5 24. Nc6 Qb6 25. Nxd5 Nxd5 26. Bxd5 Bxd5 27. Qxd5 Nf6 28.
Qf3 Ne4 29. Rfd1 Nxd6 30. Rxd6 Qb2 31. Rcd1 Qxe2 32. Qd5 Rb5 33. Qg2 Bf8 34. Rd7
Bc5 35. Qf1 Rb2 36. Nd4 Qxf1+ 37. Kxf1 a5 38. Rd5 Bb6 39. Rd3 a4 40. h4 Ra8 0-1

[Event "Baku Open 2013"]
[Site "Baku AZE"]
[Date "2013.09.26"]
[Round "8.2"]
[White "Solak, Dragan"]
[Black "Alekseev, Evgeny"]
[Result "1/2-1/2"]
[WhiteTitle "GM"]
[BlackTitle "GM"]
[WhiteElo "2615"]
[BlackElo "2710"]
[WhiteFideId "916811"]
[BlackFideId "4138147"]
[EventDate "2013.09.19"]

1. e4 e5 2. Nf3 Nc6 3. Bb5 Nf6 4. O-O Nxe4 5. Re1 Nd6 6. Nxe5 Be7 7. Bf1 Nf5 8.
c3 Nxe5 9. Rxe5 d6 10. Re1 O-O 1/2-1/2

[Event "Baku Open 2013"]
[Site "Baku AZE"]
[Date "2013.09.26"]
[Round "8.5"]
[White "Guseinov, Gadir"]
[Black "Efimenko, Zahar"]
[Result "0-1"]
[WhiteTitle "GM"]
[BlackTitle "GM"]
[WhiteElo "2616"]
[BlackElo "2661"]
[WhiteFideId "13401378"]
[BlackFideId "14107201"]
[EventDate "2013.09.19"]

1. e4 e5 2. Nf3 Nc6 3. Bb5 Nge7 4. Nc3 d6 5. d4 a6 6. Bxc6+ Nxc6 7. dxe5 dxe5 8.
Qxd8+ Kxd8 9. Be3 f6 10. O-O-O+ Bd7 11. Rd2 Kc8 12. Rhd1 Be6 13. Nd5 Rb8 14. a3
a5 15. Rd3 b6 16. Nd2 Kb7 17. f3 Ne7 18. a4 Rd8 19. Nc4 Nxd5 20. exd5 Bf7 21.
Na3 Bxa3 22. bxa3 Be8 23. c4 Bxa4 24. R1d2 Rd7 25. c5 bxc5 26. Rc3 Ka6 27. Rxc5
Rb8 28. Rb2 Rxb2 29. Kxb2 Bb5 30. Bd2 a4 31. Be3 Bf1 32. Rc2 Kb7 33. Rd2 Bc4 34.
Kc3 Bxd5 35. Kb4 Bc6 36. Rxd7 Bxd7 37. Bc5 g6 38. Be7 f5 39. Kc5 Bc6 40. Bf6 e4
41. f4 e3 42. g3 e2 43. Bc3 Be8 44. h4 Kc8 45. Be1 Kd7 46. Bd2 Ke6 47. Bc3 h6
48. Kd4 Bc6 49. Be1 Bb5 50. Kc5 c6 51. Kd4 Kf7 52. Ba5 g5 53. hxg5 hxg5 54. fxg5
Kg6 55. Bd2 Kh5 56. Kc5 Bd3 57. Kxc6 Kg4 58. Kd5 Kxg3 59. Kd4 Bc2 60. Ke5 Kf2
61. g6 e1=Q+ 62. Bxe1+ Kxe1 63. g7 Bb3 0-1

[Event "Baku Open 2013"]
[Site "Baku AZE"]
[Date "2013.09.26"]
[Round "8.6"]
[White "Iordachescu, Viorel"]
[Black "Safarli, Eltaj"]
[Result "1/2-1/2"]
[WhiteTitle "GM"]
[BlackTitle "GM"]
[WhiteElo "2609"]
[BlackElo "2660"]
[WhiteFideId "13900200"]
[BlackFideId "13402129"]
[EventDate "2013.09.19"]

1. e4 e5 2. Nf3 Nc6 3. Bc4 Bc5 4. c3 Nf6 5. d3 d6 6. h3 a6 7. Bb3 h6 8. Nbd2 Be6
9. Nh2 d5 10. Ng4 Nxg4 11. hxg4 Qf6 12. Qf3 Qxf3 13. gxf3 O-O-O 14. exd5 Bxd5
15. Ne4 Bxe4 16. dxe4 f6 17. Ke2 Ne7 18. Be3 Bb6 19. a4 a5 20. Rad1 Ng6 21. Be6+
Kb8 22. Rd5 Nf4+ 23. Bxf4 exf4 24. Rhd1 c6 25. Rd7 Rxd7 26. Rxd7 h5 27. Rxg7
hxg4 28. Rxg4 Bc7 29. b4 axb4 30. cxb4 Rd8 31. b5 cxb5 32. axb5 Ka7 33. Rg7 Kb6
34. Bd5 Rb8 35. Bc4 Be5 36. Re7 Ra8 37. Kf1 Kc5 38. Bd3 Ra1+ 39. Kg2 Rd1 40. Be2
Rd2 41. Kf1 Kb6 42. Re6+ Kc5 43. Re8 Kb6 44. Re6+ Kc5 45. Re8 Kb6 46. Re7 Rd8
47. Kg2 Rd2 48. Kf1 Rd8 49. Re6+ Kc5 50. Re7 Kb6 51. Re6+ Kc5 52. Re7 1/2-1/2

[Event "Baku Open 2013"]
[Site "Baku AZE"]
[Date "2013.09.26"]
[Round "8.7"]
[White "Mamedov, Nidjat"]
[Black "Shimanov, Aleksandr"]
[Result "1/2-1/2"]
[WhiteTitle "GM"]
[BlackTitle "GM"]
[WhiteElo "2609"]
[BlackElo "2655"]
[WhiteFideId "13400819"]
[BlackFideId "4198603"]
[EventDate "2013.09.19"]

1. e4 e6 2. d4 d5 3. Nc3 Nf6 4. Bg5 Bb4 5. e5 h6 6. Bd2 Bxc3 7. bxc3 Ne4 8. Qg4
Kf8 9. Bd3 Nxd2 10. Kxd2 c5 11. Nf3 Nc6 12. Qf4 c4 13. Be2 Bd7 14. g4 f6 15. h4
Ke7 16. g5 Qf8 17. gxf6+ gxf6 18. Qe3 f5 19. Qf4 Be8 20. h5 Kd7 21. Nh4 b5 22.
Rab1 Rb8 23. Rhg1 Bf7 24. Ng6 Bxg6 25. hxg6 Qg7 26. Qh4 Rhf8 27. Rh1 Qxg6 28.
Rbg1 Qh7 29. Qxh6 Qxh6+ 30. Rxh6 Rh8 31. Rg7+ Ne7 32. Rhh7 Rxh7 33. Rxh7 Rg8 34.
Bh5 Rg2 35. Ke2 Rg1 36. Bf7 Nc6 37. Rh8 Rg7 38. Be8+ Kc7 39. Rf8 a5 40. a3 Na7
41. Bf7 b4 42. axb4 a4 43. Bxe6 a3 44. Rh8 Rg1 45. Ra8 Nb5 46. Kd2 Rf1 47. Bxd5
Rxf2+ 48. Ke1 Rxc2 49. Bxc4 Nxc3 50. Rxa3 Nb1 51. Ra7+ Kb8 52. e6 Rc1+ 53. Ke2
Rc2+ 54. Ke1 Rc1+ 55. Kf2 Rc2+ 56. Ke3 Rc3+ 57. Ke2 Rc2+ 58. Kd1 Rxc4 59. e7
Rxd4+ 60. Kc2 Kxa7 61. e8=Q Rxb4 62. Qe7+ Rb7 63. Qc5+ Ka6 64. Qf8 Rb5 65. Kd3
Rb3+ 66. Kc2 Rb5 67. Qc8+ Ka7 68. Qc7+ Rb7 69. Qc5+ Ka6 70. Qd6+ Ka7 71. Kd3 Rb6
72. Qc7+ Ka6 73. Qc8+ Ka7 74. Qxf5 Ka6 75. Qc8+ Ka7 76. Qc5 Ka6 77. Qd4 Kb7 78.
Qe5 Ka6 79. Qe7 Rb7 80. Qe8 Ka7 81. Qa4+ Kb8 82. Qa5 Rd7+ 83. Kc2 Nd2 84. Qf5
Kc7 85. Kc3 Kc6 86. Qe6+ Rd6 87. Qe8+ Kc7 88. Kb4 Rb6+ 89. Kc5 Nb3+ 90. Kd5 Rd6+
91. Kc4 Na5+ 92. Kb5 Nc6 93. Qf7+ Kc8 94. Kc5 Nd8 95. Qf8 Rc6+ 96. Kd5 Re6 1/2-1/2

[Event "Baku Open 2013"]
[Site "Baku AZE"]
[Date "2013.09.26"]
[Round "8.8"]
[White "Mamedov, Rauf"]
[Black "Rasulov, Vugar"]
[Result "1/2-1/2"]
[WhiteTitle "GM"]
[BlackTitle "GM"]
[WhiteElo "2641"]
[BlackElo "2488"]
[WhiteFideId "13401653"]
[BlackFideId "13402390"]
[EventDate "2013.09.19"]

1. e4 c5 2. Nf3 d6 3. d4 cxd4 4. Nxd4 Nf6 5. Nc3 a6 6. Be3 e6 7. a4 b6 8. a5
bxa5 9. Bd3 Be7 10. O-O O-O 11. f4 Bb7 12. e5 Nd5 13. Nxe6 fxe6 14. Qh5 Rf5 15.
Bxf5 exf5 16. Nxd5 Bxd5 17. Qxf5 Nc6 18. Rad1 Bf7 19. Qe4 d5 20. Qf3 Qc8 1/2-1/2

[Event "Baku Open 2013"]
[Site "Baku AZE"]
[Date "2013.09.26"]
[Round "8.9"]
[White "Shanava, Konstantine"]
[Black "Azarov, Sergei"]
[Result "1-0"]
[WhiteTitle "GM"]
[BlackTitle "GM"]
[WhiteElo "2567"]
[BlackElo "2636"]
[WhiteFideId "13601784"]
[BlackFideId "13501470"]
[EventDate "2013.09.19"]

1. e4 e5 2. Nc3 Nf6 3. g3 d5 4. exd5 Nxd5 5. Bg2 Nxc3 6. bxc3 Bc5 7. Ne2 O-O 8.
O-O Nc6 9. d3 Bg4 10. h3 Bh5 11. g4 Bg6 12. Ng3 Bb6 13. Kh1 Qh4 14. Qf3 Rfe8 15.
Nf5 Qd8 16. Qg3 Qd7 17. Be4 Ne7 18. Qf3 Rad8 19. c4 f6 20. h4 Bf7 21. Nxg7 Rf8
22. Bh6 Bg6 23. Nf5 Rf7 24. Rg1 Kh8 25. Rg2 Ng8 26. Bd2 Qa4 27. Rc1 Rff8 28. h5
Be8 29. g5 1-0

[Event "Baku Open 2013"]
[Site "Baku AZE"]
[Date "2013.09.26"]
[Round "8.11"]
[White "Maghalashvili, Davit"]
[Black "Artemiev, Vladislav"]
[Result "1/2-1/2"]
[WhiteTitle "IM"]
[BlackTitle "IM"]
[WhiteElo "2502"]
[BlackElo "2560"]
[WhiteFideId "13602276"]
[BlackFideId "24101605"]
[EventDate "2013.09.19"]

1. d4 d5 2. c4 c6 3. cxd5 cxd5 4. Nc3 Nf6 5. Bf4 Nc6 6. e3 a6 7. Nf3 Bg4 8. h3
Bxf3 9. Qxf3 e6 10. Bd3 Bd6 11. Bxd6 Qxd6 12. O-O O-O 13. Rac1 Rac8 14. Qe2 Nd7
15. a3 Nb6 16. b4 a5 17. Nb5 Qe7 18. bxa5 Nxa5 19. e4 dxe4 20. Bxe4 g6 21. Bf3
Qd7 22. Rb1 Nc6 23. Bxc6 bxc6 24. Nd6 Qxd6 25. Rxb6 Qxd4 26. Rb4 Qc3 27. Qb2
Qxb2 28. Rxb2 Ra8 29. Rb6 c5 30. Rb5 Rxa3 31. Rxc5 Rd8 32. Rfc1 Kg7 33. h4 h6
34. R5c3 Raa8 35. g3 Rd5 36. Kg2 Raa5 37. R1c2 Re5 38. Rc4 Rad5 39. Rc7 Re1 40.
Rc1 Rxc1 41. Rxc1 Rd7 42. Rc5 Kf6 43. Ra5 Rd6 44. Ra8 e5 45. Ra7 Ke6 46. Ra8 Kf5
47. Ra7 Kf6 48. Ra3 e4 49. Ra5 Ke6 50. Ra7 Rd2 51. Kf1 g5 52. hxg5 hxg5 53. Ra5
Rd5 54. Ra4 Ke5 55. Rb4 f6 56. Ra4 Rd3 57. Kg2 1/2-1/2

[Event "Baku Open 2013"]
[Site "Baku AZE"]
[Date "2013.09.26"]
[Round "8.14"]
[White "Rogozenco, Dorian"]
[Black "Goganov, Aleksey"]
[Result "1/2-1/2"]
[WhiteTitle "GM"]
[BlackTitle "IM"]
[WhiteElo "2515"]
[BlackElo "2577"]
[WhiteFideId "1210319"]
[BlackFideId "24109959"]
[EventDate "2013.09.19"]

1. c4 c5 2. Nf3 Nc6 3. Nc3 Nf6 4. g3 g6 5. Bg2 Bg7 6. O-O O-O 7. d3 a6 8. a3 Rb8
9. Rb1 b5 10. cxb5 axb5 11. b4 1/2-1/2

[Event "Baku Open 2013"]
[Site "Baku AZE"]
[Date "2013.09.26"]
[Round "8.20"]
[White "Ahmadinia, Ebrahim"]
[Black "Nigalidze, Gaioz"]
[Result "0-1"]
[WhiteTitle "IM"]
[BlackTitle "IM"]
[WhiteElo "2381"]
[BlackElo "2508"]
[WhiteFideId "12501891"]
[BlackFideId "13603078"]
[EventDate "2013.09.19"]

1. c4 c5 2. g3 Nc6 3. Bg2 g6 4. Nc3 Bg7 5. Nf3 e5 6. O-O Nge7 7. d3 O-O 8. a3 a5
9. Ne1 d6 10. Nc2 Be6 11. Ne3 h5 12. Ned5 h4 13. Rb1 hxg3 14. hxg3 Rb8 15. Qa4
Bd7 16. Qd1 Nxd5 17. cxd5 Nd4 18. e3 Nb5 19. Ne4 a4 20. f4 exf4 21. gxf4 Qh4 22.
Bd2 Rfe8 23. Rf2 Qe7 24. Ng5 Bf6 25. Qf3 Kg7 26. Ne4 Bh4 27. Re2 Bf5 28. b3 Qd7
29. bxa4 c4 30. Rxb5 cxd3 31. Bc3+ Kg8 32. Reb2 Rxe4 33. a5 Rc4 34. R5b3 Qc8 35.
Bd4 Bg4 36. Qe4 Bf5 37. Qf3 Bg4 38. Qe4 Bg3 39. Bf1 Be2 40. Rxb7 Rxb7 41. Rxb7
Rc1 42. a6 Bxf1 0-1